[Event "Polanica Zdroj op-C 41st "]
[Site "Polanica Zdroj"]
[Date "2005.08.24"]
[Round "6"]
[White "Smolnicki, Maciej"]
[Black "Czornik, Janusz"]
[Result "1-0"]
[WhiteElo "1800"]
[BlackElo "1713"]
[PlyCount "59"]
[EventDate "2005.08.19"]
[EventType "swiss"]
[EventRounds "9"]
[EventCountry "POL"]
[SourceTitle "EXT 2007"]
[Source "ChessBase"]
[SourceDate "2006.11.23"]
[SourceVersion "1"]
[SourceVersionDate "2006.11.23"]
[SourceQuality "1"]

1. e4 e6 2. d4 d5 3. Nc3 Nf6 4. Bg5 Be7 5. e5 Nfd7 6. Bxe7 Qxe7 7. Bd3 0-0 8. Nf3 a6 9. Ne2 Qb4+ 10. c3 Qxb2 11. 0-0 Qa3 12. Qc2 h6 13. Nh4 Qe7 14. g3 Rd8 15. f4 c5 16. Qc1 c4 17. Bc2 Nf8 18. f5 exf5 19. Nxf5 Bxf5 20. Rxf5 b5 21. Qb2 Ne6 22. Raf1 Rf8 23. Nf4 Nxf4 24. R5xf4 Nc6 25. a3 Ra7 26. Bb1 Nd8 27. Qc2 g6 28. Rf6 Kh8 29. Qd2 Kg7 30. Bxg6 1-0